[Event "CUB-ch U18"]
[Site "Pinar del Rio"]
[Date "2019.07.02"]
[Round "8"]
[White "Perez Leiva, Jerzy Jesus"]
[Black "Solares Orozco, Kebert"]
[Result "1/2-1/2"]
[WhiteElo "2382"]
[BlackElo "2311"]
[PlyCount "79"]
[EventDate "2019.06.28"]
[EventType "swiss"]
[EventRounds "9"]
[EventCountry "CUB"]
[SourceTitle "CBM 195 Extra"]
[Source "ChessBase"]
[SourceDate "2020.05.31"]
[SourceVersion "1"]
[SourceVersionDate "2020.05.31"]
[SourceQuality "1"]

1. e4 c5 2. Nf3 d6 3. d4 cxd4 4. Nxd4 Nf6 5. Nc3 a6 6. a3 e5 7. Nf5 Nxe4 8. Nxg7+ Bxg7 9. Nxe4 d5 10. Bg5 f6 11. Qh5+ Kf8 12. Be3 Be6 13. 0-0-0 Bf7 14. Qh4 Nd7 15. Nd6 Be6 16. f4 Qc7 17. f5 Bg8 18. Qb4 a5 19. Nb5+ axb4 20. Nxc7 Rc8 21. Nxd5 bxa3 22. bxa3 Bxd5 23. Rxd5 Nb8 24. Rb5 Nc6 25. Bc5+ Ke8 26. Rxb7 Bh6+ 27. Kb1 Nd4 28. Bxd4 exd4 29. Bc4 Bf4 30. Bf7+ Kf8 31. Bb3 Rc7 32. Rb6 Kg7 33. g3 Be5 34. a4 Ra8 35. Rd1 Kf8 36. Kc1 h5 37. Kb1 Rg7 38. Ka2 Rd7 39. Rd3 Rc7 40. Rb5 1/2-1/2

[Event "Guillermo Garcia Memorial op 28th"]
[Site "Santa Clara"]
[Date "2019.04.26"]
[Round "4"]
[White "Solares Orozco, Kebert"]
[Black "Lopez Gonzalez, Abel Fabian"]
[Result "1/2-1/2"]
[WhiteElo "2237"]
[BlackElo "2347"]
[PlyCount "125"]
[EventDate "2019.04.23"]
[EventType "swiss"]
[EventRounds "9"]
[EventCountry "CUB"]
[SourceTitle "EXT 2020"]
[Source "ChessBase"]
[SourceDate "2019.10.17"]
[SourceVersion "1"]
[SourceVersionDate "2019.10.17"]
[SourceQuality "1"]

1. d4 d5 2. Nf3 e6 3. c4 c5 4. cxd5 exd5 5. Nc3 Nc6 6. e3 Nf6 7. Be2 c4 8. 0-0 Bb4 9. Bd2 Bxc3 10. Bxc3 Ne4 11. Be1 Bf5 12. Ne5 Nxe5 13. dxe5 Nc5 14. b3 b5 15. Bb4 Nd3 16. Bd6 f6 17. Bg4 Qd7 18. Bxf5 Qxf5 19. a4 fxe5 20. axb5 Kf7 21. bxc4 dxc4 22. Ra6 Rhc8 23. Qa1 c3 24. Rxa7+ Rxa7 25. Qxa7+ Kg8 26. b6 c2 27. Ba3 Nxf2 28. b7 Nh3+ 29. gxh3 Qg6+ 30. Kf2 Rf8+ 31. Ke1 Rxf1+ 32. Kxf1 Qd3+ 33. Kf2 Qd2+ 34. Kf3 Qd1+ 35. Ke4 Qh1+ 36. Kxe5 Qxh2+ 37. Kd5 Qg2+ 38. Kc4 Qf1+ 39. Kd4 Qd1+ 40. Ke4 Qh1+ 41. Ke5 Qh2+ 42. Kd5 Qg2+ 43. Kc5 c1Q+ 44. Bxc1 Qc2+ 45. Kd4 Qd1+ 46. Kc3 Qxc1+ 47. Kd3 Qd1+ 48. Kc4 Qc2+ 49. Kd5 Qb3+ 50. Kd6 Qb4+ 51. Ke5 Qb5+ 52. Kf4 Qf1+ 53. Ke4 Qb1+ 54. Kd5 Qb5+ 55. Kd6 Qb4+ 56. Kc6 Qe4+ 57. Kb5 Qb1+ 58. Kc5 Qf5+ 59. Kd4 Qf6+ 60. Kd3 Qf1+ 61. Ke4 Qb1+ 62. Ke5 Qb5+ 63. Kd6 1/2-1/2

[Event "Guillermo Garcia Memorial op 28th"]
[Site "Santa Clara"]
[Date "2019.04.23"]
[Round "1"]
[White "Martin Perez, Javier"]
[Black "Solares Orozco, Kebert"]
[Result "0-1"]
[WhiteElo "1968"]
[BlackElo "2237"]
[PlyCount "72"]
[EventDate "2019.04.23"]
[EventType "swiss"]
[EventRounds "9"]
[EventCountry "CUB"]
[SourceTitle "EXT 2020"]
[Source "ChessBase"]
[SourceDate "2019.10.17"]
[SourceVersion "1"]
[SourceVersionDate "2019.10.17"]
[SourceQuality "1"]

1. e4 c5 2. Nf3 d6 3. d4 cxd4 4. Nxd4 Nf6 5. Nc3 a6 6. Bg5 e6 7. f4 Nbd7 8. Qf3 Qc7 9. 0-0-0 b5 10. Bxf6 Nxf6 11. e5 Bb7 12. Qh3 dxe5 13. fxe5 Qxe5 14. Bxb5+ axb5 15. Rhe1 Qg5+ 16. Kb1 0-0-0 17. Ncxb5 Bc5 18. Qc3 Ne4 19. Qa5 Qe7 20. Nb3 Rxd1+ 21. Rxd1 Rd8 22. Rd3 Bf2 23. a4 f5 24. Na7+ Bxa7 25. Qxa7 Rxd3 26. cxd3 Nd6 27. a5 Qc7 28. g3 Bd5 29. Qa6+ Kd7 30. Nd4 Qb7 31. Qxb7+ Bxb7 32. Kc2 e5 33. Ne2 Nb5 34. Kb3 Ba6 35. Kb4 Kd6 36. Ng1 f4 0-1

[Event "Ciego de Avila Province-ch final"]
[Site "Ciego de Avila"]
[Date "2018.10.19"]
[Round "9"]
[White "Robaina Hernandez, Carlos"]
[Black "Solares Orozco, Kebert"]
[Result "0-1"]
[WhiteElo "2124"]
[BlackElo "2185"]
[PlyCount "61"]
[EventDate "2018.10.15"]
[EventType "tourn"]
[EventRounds "10"]
[EventCountry "CUB"]
[SourceTitle "EXT 2021"]
[Source "ChessBase"]
[SourceDate "2020.10.23"]
[SourceVersion "1"]
[SourceVersionDate "2020.10.23"]
[SourceQuality "1"]

1. Nf3 c5 2. c4 Nf6 3. Nc3 Nc6 4. g3 d5 5. cxd5 Nxd5 6. Bg2 Nc7 7. 0-0 e5 8. d3 Be7 9. b3 0-0 10. Bb2 f6 11. Rc1 Ne6 12. Na4 Rb8 13. Nh4 g6 14. Nc3 f5 15. Nf3 b6 16. Nd2 Bb7 17. Nc4 Bf6 18. Ba1 Ncd4 19. Bxb7 Rxb7 20. e3 Nc6 21. Qf3 Qd7 22. Rfd1 Rbb8 23. a3 b5 24. Nb2 a6 25. Ne2 Rbc8 26. Rc2 Rfd8 27. h4 h5 28. Nc1 Ncd4 29. exd4 Nxd4 30. Qe2 Nxe2+ 31. Nxe2 0-1

[Event "Ciego de Avila Province-ch final"]
[Site "Ciego de Avila"]
[Date "2018.10.18"]
[Round "7"]
[White "Aragon Placencia, Jesus"]
[Black "Solares Orozco, Kebert"]
[Result "0-1"]
[WhiteElo "2066"]
[BlackElo "2185"]
[PlyCount "90"]
[EventDate "2018.10.15"]
[EventType "tourn"]
[EventRounds "10"]
[EventCountry "CUB"]
[SourceTitle "EXT 2021"]
[Source "ChessBase"]
[SourceDate "2020.10.23"]
[SourceVersion "1"]
[SourceVersionDate "2020.10.23"]
[SourceQuality "1"]

1. e4 c5 2. Nf3 d6 3. c3 Nf6 4. Bd3 Nc6 5. 0-0 g6 6. h3 Bg7 7. Bc2 0-0 8. d4 cxd4 9. cxd4 Nb4 10. Bb3 b6 11. a3 Nc6 12. Nc3 Ba6 13. Re1 Na5 14. Ba2 Rc8 15. Bg5 h6 16. Bd2 Nc4 17. Qa4 Nxd2 18. Nxd2 Bb7 19. Qxa7 Qc7 20. Qa4 Qb8 21. Rac1 h5 22. Nc4 Bc6 23. Qd1 b5 24. Na5 Ba8 25. e5 Nh7 26. Qd3 dxe5 27. dxe5 b4 28. Nd5 Rxc1 29. Nxe7+ Kh8 30. Rxc1 Qxe5 31. Nec6 Qxb2 32. Rc2 Qxa3 33. Qd6 Qa4 34. Bb3 Qa1+ 35. Kh2 Qe1 36. Qxb4 Qe8 37. Qc4 Qd7 38. Re2 Rc8 39. Ba4 Bf6 40. f4 Kg7 41. Qb3 Qc7 42. Qc4 Nf8 43. g3 h4 44. gxh4 Ne6 45. Ne5 Bxe5 0-1

[Event "Migoya Memorial tt"]
[Site "Camaguey"]
[Date "2018.09.27"]
[Round "10.1"]
[White "Cabrera Gonzalez, Maximo Ariel"]
[Black "Solares Orozco, Kebert"]
[Result "1/2-1/2"]
[WhiteElo "2114"]
[BlackElo "2185"]
[PlyCount "85"]
[EventDate "2018.09.20"]
[EventType "team-tourn"]
[EventRounds "10"]
[EventCountry "CUB"]
[SourceTitle "EXT 2021"]
[Source "ChessBase"]
[SourceDate "2020.10.23"]
[SourceVersion "1"]
[SourceVersionDate "2020.10.23"]
[SourceQuality "1"]

1. e4 c5 2. Nf3 d6 3. d4 cxd4 4. Nxd4 Nf6 5. Nc3 a6 6. Be3 e5 7. Nb3 Be6 8. f3 h5 9. Qd2 Nbd7 10. 0-0-0 Be7 11. Kb1 b5 12. h3 Qc7 13. f4 0-0 14. fxe5 Nxe5 15. Nd5 Nxd5 16. exd5 Bf5 17. Nd4 Bg6 18. g4 h4 19. Be2 Rac8 20. Nf5 Bf6 21. Rhf1 Bxf5 22. Rxf5 Nc4 23. Bxc4 Qxc4 24. Rf4 Qc7 25. Rf2 Rfe8 26. Bd4 Bxd4 27. Qxd4 Qe7 28. Qf4 Rc4 29. Qf3 f6 30. a3 Qe4 31. Qxe4 Rexe4 32. Rd3 Rcd4 33. Rfd2 Rxd3 34. Rxd3 g6 35. Kc1 Kg7 36. Kd2 Re5 37. b3 f5 38. gxf5 Rxf5 39. c4 bxc4 40. bxc4 g5 41. c5 dxc5 42. d6 Rf8 43. Kc3 1/2-1/2